<?xml version="1.0" encoding="UTF-8"?>
<record
    xmlns:xsi="http://www.w3.org/2001/XMLSchema-instance"
    xsi:schemaLocation="http://www.loc.gov/MARC21/slim http://www.loc.gov/standards/marcxml/schema/MARC21slim.xsd"
    xmlns="http://www.loc.gov/MARC21/slim">

  <leader>02143nam a2200361 i 4500</leader>
  <controlfield tag="001">5214236</controlfield>
  <controlfield tag="003">CZ PrSKC</controlfield>
  <controlfield tag="005">20260326084913.0</controlfield>
  <controlfield tag="007">ta</controlfield>
  <controlfield tag="008">260306s2026    xr     g      000 f cze  </controlfield>
  <datafield tag="020" ind1=" " ind2=" ">
    <subfield code="a">9788027760213</subfield>
    <subfield code="c">K&#x10D; 449,00</subfield>
  </datafield>
  <datafield tag="040" ind1=" " ind2=" ">
    <subfield code="a">ABG001</subfield>
    <subfield code="b">cze</subfield>
    <subfield code="e">rda</subfield>
  </datafield>
  <datafield tag="041" ind1="1" ind2=" ">
    <subfield code="a">cze</subfield>
    <subfield code="h">eng</subfield>
  </datafield>
  <datafield tag="072" ind1=" " ind2="7">
    <subfield code="a">821.111(73)-3</subfield>
    <subfield code="x">Americk&#xE1; pr&#xF3;za</subfield>
    <subfield code="2">Konspekt</subfield>
  </datafield>
  <datafield tag="080" ind1=" " ind2=" ">
    <subfield code="a">821.111(73)-31</subfield>
    <subfield code="2">MRF</subfield>
  </datafield>
  <datafield tag="080" ind1=" " ind2=" ">
    <subfield code="a">(0:82-312.4)</subfield>
    <subfield code="2">MRF</subfield>
  </datafield>
  <datafield tag="100" ind1="1" ind2=" ">
    <subfield code="a">Rekulak, Jason</subfield>
    <subfield code="4">aut</subfield>
    <subfield code="9">20570</subfield>
  </datafield>
  <datafield tag="240" ind1="1" ind2="0">
    <subfield code="a">Last one at the wedding.</subfield>
    <subfield code="l">&#x10C;esky</subfield>
  </datafield>
  <datafield tag="245" ind1="1" ind2="0">
    <subfield code="a">Posledn&#xED; svatebn&#xED; host /</subfield>
    <subfield code="c">Jason Rekulak ; p&#x159;elo&#x17E;il Michal Havlen</subfield>
  </datafield>
  <datafield tag="264" ind1=" " ind2="1">
    <subfield code="a">Praha :</subfield>
    <subfield code="b">Dobrovsk&#xFD; s.r.o.,</subfield>
    <subfield code="c">2026</subfield>
  </datafield>
  <datafield tag="300" ind1=" " ind2=" ">
    <subfield code="a">366 stran ;</subfield>
    <subfield code="c">21 cm</subfield>
  </datafield>
  <datafield tag="490" ind1="1" ind2=" ">
    <subfield code="a">Fobos</subfield>
  </datafield>
  <datafield tag="500" ind1=" " ind2=" ">
    <subfield code="a">P&#x159;elo&#x17E;eno z angli&#x10D;tiny</subfield>
  </datafield>
  <datafield tag="520" ind1="2" ind2=" ">
    <subfield code="a">Host&#xE9; p&#x159;ij&#xED;&#x17E;d&#x11B;j&#xED; a oslavy za&#x10D;&#xED;naj&#xED;. Na t&#xE9;hle svatb&#x11B; je ov&#x161;em n&#x11B;co divn&#xE9;ho... Horor americk&#xE9;ho autora.</subfield>
    <subfield code="b">Frank Szatowski nevid&#x11B;l svou dceru t&#x159;i roky. Kdy&#x17E; mu tedy Maggie z&#x10D;istajasna zavol&#xE1;, &#x17E;e se vd&#xE1;v&#xE1; a zve ho na svatbu, jeho nad&#x161;en&#xED; nezn&#xE1; mez&#xED;. Jak se pozd&#x11B;ji uk&#xE1;&#x17E;e, bere si p&#x159;&#xED;slu&#x161;n&#xED;ka bohat&#xE9;ho klanu Gardnerov&#xFD;ch, syna zn&#xE1;m&#xE9;ho technologick&#xE9;ho magn&#xE1;ta. Franka zasko&#x10D;&#xED;, v jak vysok&#xFD;ch kruz&#xED;ch se jeho dcera najednou pohybuje. Je v&#x161;ak odhodlan&#xFD; vztah s n&#xED; za ka&#x17E;dou cenu napravit. Svatba se kon&#xE1; v luxusn&#xED;m a odlehl&#xE9;m s&#xED;dle u jezera. Frank se sna&#x17E;&#xED; s dcerou znovu sbl&#xED;&#x17E;it a poznat jej&#xED; novou rodinu. Je to ale t&#x11B;&#x17E;k&#xE9;. Jeho nast&#xE1;vaj&#xED;c&#xED; ze&#x165; Aidan je uzav&#x159;en&#xFD; a vyh&#xFD;bav&#xFD;, Maggie na n&#x11B;j nem&#xE1; &#x10D;as a m&#xED;stn&#xED; si o Gardnerov&#xFD;ch nemysl&#xED; nic hezk&#xE9;ho. Frank za&#x10D;&#xED;n&#xE1; m&#xED;t podez&#x159;en&#xED;, &#x17E;e n&#x11B;co nen&#xED; v po&#x159;&#xE1;dku. Nav&#xED;c p&#x159;ed svatbou obdr&#x17E;el anonymn&#xED; zpr&#xE1;vu spojuj&#xED;c&#xED; Aidana s d&#xE1;vn&#xFD;m zmizen&#xED;m mlad&#xE9; &#x17E;eny. Rozhodne se zjistit pravdu, i kdy&#x17E; riskuje, &#x17E;e t&#xED;m Maggie nav&#x17E;dy ztrat&#xED;. Nakladatelsk&#xE1; anotace. Kr&#xE1;ceno.</subfield>
  </datafield>
  <datafield tag="655" ind1=" " ind2="7">
    <subfield code="a">americk&#xE9; rom&#xE1;ny</subfield>
  </datafield>
  <datafield tag="655" ind1=" " ind2="7">
    <subfield code="a">horory (rom&#xE1;ny)</subfield>
    <subfield code="9">1486</subfield>
  </datafield>
  <datafield tag="655" ind1=" " ind2="9">
    <subfield code="a">American fiction</subfield>
  </datafield>
  <datafield tag="655" ind1=" " ind2="9">
    <subfield code="a">horror novels</subfield>
    <subfield code="9">1487</subfield>
  </datafield>
  <datafield tag="700" ind1="1" ind2=" ">
    <subfield code="a">Havlen, Michael,</subfield>
    <subfield code="d">1967-</subfield>
    <subfield code="4">trl</subfield>
    <subfield code="9">20571</subfield>
  </datafield>
  <datafield tag="710" ind1="2" ind2=" ">
    <subfield code="a">Dobrovsk&#xFD; (firma)</subfield>
    <subfield code="4">pbl</subfield>
    <subfield code="9">20424</subfield>
  </datafield>
  <datafield tag="910" ind1=" " ind2=" ">
    <subfield code="a">ABG508</subfield>
  </datafield>
  <datafield tag="952" ind1=" " ind2=" ">
    <subfield code="1">0</subfield>
    <subfield code="2">udc</subfield>
    <subfield code="4">0</subfield>
    <subfield code="0"></subfield>
  </datafield>
  <datafield tag="999" ind1=" " ind2=" ">
    <subfield code="c">34105</subfield>
    <subfield code="d">34105</subfield>
  </datafield>
</record>
